Glossario calcistico - Quiz n°11 - Statistics

Statistiche generali
  • Questo quiz è stato fatto 8 volte
  • Il punteggio medio è 7 su 15
Statistiche sulle risposte
Definizione Risposta % Corretto
Difensore che agisce nei pressi di una fascia laterale Laterale
100%
Ulteriore periodo giocato al termine di un tempo regolamentare, per recuperare il tempo perso durante le eventuali interruzioni del gioco. La durata, in minuti, è segnalata dal quarto uomo tramite un cartello luminoso Recupero
100%
Modo per cominciare una gara, all'inizio di ciascuno dei due tempi, e per riprenderla dopo la segnatura di una rete; è effettuato dal punto centrale del terreno di gioco, mentre i calciatori sono posizionati ciascuno nella propria metà del terreno di gioco Calcio d'inizio
83%
Coniato originariamente e usato prevalentemente nell'ippica, fa riferimento alla vittoria di un atleta o squadra col minimo scarto o col minimo vantaggio necessario, generalmente ottenuta negli ultimi minuti di un incontro Corto muso
67%
Centrocampista di fascia con attitudini offensive. È anche sinonimo di interno Mezzala
67%
Norma applicabile a discrezione dell'arbitro e consistente nel far proseguire il gioco, nonostante un'azione fallosa o irregolare, in quanto l'evoluzione dell'azione può ritenersi, per la squadra che beneficerebbe del calcio di punizione, maggiormente vantaggiosa rispetto alla punizione stessa. Se la squadra contro la quale era stata commessa l'infrazione perde il pallone in breve tempo o non riesce a sfruttare, a causa dell'infrazione stessa, al meglio l'azione, l'arbitro può ancora fermare il gioco e fischiare il calcio di punizione precedente Norma del vantaggio
67%
Termine utilizzato per riferirsi ad una partita tra due squadre della stessa città o regione, o, in alcuni casi particolari, tra squadre che hanno una forte rivalità Derby
50%
Modo di calciare il pallone, specie sui calci di punizione, tale da far abbassare rapidamente la palla imprimendole velocità. Prende il nome dalle ultime tre dita del piede con cui solitamente si effettua. Molto note sono quelle di Ricardo Quaresma, icona di questo particolare stile di tiro Trivela
50%
Rotazione strategica degli elementi della squadra tra le varie partite al fine di dosare le forze e limitare gli affaticamenti degli atleti, oppure evitare ai diffidati squalifiche per successive partite più importanti. Viene spesso utilizzato nel caso in cui si giochino partite troppo ravvicinate l'una dall'altra Turnover
50%
Palla deviata da un calciatore su un palo della propria porta Autopalo
33%
Ci si riferisce ai tifosi di una squadra per sottolinearne l'importanza in riferimento al risultato della partita. Il termine è talvolta applicato al portiere di riserva Dodicesimo uomo
17%
Calciatore, solitamente centrocampista, capace di sfruttare gli spazi stretti e di inserirsi nella difesa avversaria durante le azioni offensive Incursore
17%
Due o più squadre aventi uguale numero di punti in classifica Pari merito
17%
Azione offensiva che offre un'ottima occasione per segnare una rete Palla gol
0%
Azione effettuata dall'arbitro per riprendere la partita facendo cadere il pallone nel punto in cui si trovava nel momento dell'interruzione Scodellamento
0%
Nessun quiz corrispondente trovato
Distribuzione punteggi
Percentuale di utenti per punteggio
Percentile per numero di risposta
I tuoi punteggi nel tempo
Non hai fatto questo quiz